000
00320nam a22001337a 4500
008
250307b |||||||| |||| 00| 0 eng d
020
_a
9783527406340
050
_a
QC718
_b
.O39
100
_a
Oks Efim
245
_a
Plasma Cathode Electron Sources
260
_a
Germany
_b
Wiley-VCH
_c
2006
300
_a
X,171P
942
_c
BK
999
_c
2146
_d
2146